| Поле | Название | Значение |
| |
Тип записи |
a |
| |
Библиографический уровень |
a |
| 001 |
Контрольный номер |
RU/CBS_UL/BASE/320ed9c17f94472192e6c7a08e42e1f8 |
| 005 |
Дата корректировки |
20250326152114.1 |
| 100 |
Данные общей обработки |
__ |
| a |
Данные общей обработки |
20250326 ||| 0rusy0189 ca |
| 101 |
Язык документа |
0_ |
| a |
Язык текста |
rus |
| 102 |
Страна публикации |
__ |
| a |
Страна публикации |
RU |
| 200 |
Заглавие и сведения об ответственности |
1_ |
| a |
Заглавие |
Конференция ко Дню православной книги |
| e |
Сведения, относящиеся к заглавию |
[на базе духовно-просветительского центра "Листвица" при Никольском храме Ульяновска прошла конференция "Живое слово мудрости духовной", посвящённая Дню православной книги ; в конференции приняли участие сотрудники детской библиотеки № 28 им. А.А. Пластова] |
| 300 |
Общие примечания |
__ |
| a |
Общие примечания |
12+ |
| 461 |
Уровень набора |
_0 |
| 1 |
|
2000 |
| a |
|
Православный Симбирск |
| 463 |
Уровень физической единицы |
_0 |
| 1 |
|
2000 |
| a |
|
№ 6 (26 марта) |
| v |
|
С. 12 : фото |
| 1 |
|
2101 |
| d |
|
2025 |
| 1 |
|
001RU/CBS_UL/BASE/3154a947d99d4d89922dc536f923e68e |
| 606 |
Тематические рубрики |
0_ |
| a |
Основная рубрика |
Детская библиотека № 28 имени А. А. Пластова МБУК "ЦБС" ( Ульяновск, город) |
| 610 |
Ключевые слова |
0_ |
| a |
Ключевые слова |
библиотеки |
| 610 |
Ключевые слова |
0_ |
| a |
Ключевые слова |
городские библиотеки |
| 610 |
Ключевые слова |
0_ |
| a |
Ключевые слова |
библиотеки МБУК ЦБС |
| 610 |
Ключевые слова |
0_ |
| a |
Ключевые слова |
детские библиотеки |
| 610 |
Ключевые слова |
0_ |
| a |
Ключевые слова |
библиотека 28 |
| 610 |
Ключевые слова |
0_ |
| a |
Ключевые слова |
библиотека имени Пластова |
| 686 |
Индексы других классификаций |
__ |
| 2 |
Код системы |
rubbk |
| a |
Классификационный индекс |
78.34(2) |
| 801 |
Источник записи |
_0 |
| a |
Страна |
RU |
| b |
Организация |
МБУК ЦБС г. Ульяновска |
| c |
Дата составления |
20250326 |
| g |
Правила каталогизации |
RCR |
| 801 |
Источник записи |
_1 |
| a |
Страна |
RU |
| b |
Организация |
МБУК ЦБС г. Ульяновска |
| c |
Дата составления |
20250326 |
| g |
Правила каталогизации |
RCR |
| 901 |
Тип документа |
__ |
| t |
Тип документа |
f |
| w |
Контрольный № источника |
RU/CBS_UL/BASE/3154a947d99d4d89922dc536f923e68e |
| 909 |
Создатель записи |
__ |
| a |
Создатель записи |
oibd1 |